Valores y principios para evaluar la educación
Gardado en:
| Autor Principal: | |
|---|---|
| Formato: | Libro |
| Idioma: | Lingua castelá |
| Publicado: |
Ciudad de México
Paidós
2001
|
| Edición: | 1a. ed |
| Series: | Paidós Educador, 162
|
| Subjects: | |
| Tags: |
Engadir etiqueta
Sen Etiquetas, Sexa o primeiro en etiquetar este rexistro!
|
MARC
| LEADER | 00000cam a2200000 a 4500 | ||
|---|---|---|---|
| 001 | UCG9248 | ||
| 003 | CL-VaPUC | ||
| 008 | 120302e20010000MX |||||||||||||||||spa|d | ||
| 020 | |a 9688534900 | ||
| 082 | 0 | 4 | |a 371.26 |b CAR |2 21 |
| 100 | 0 | |a Carrión Carranza, Carmen |e author |9 560729 | |
| 245 | 1 | 0 | |a Valores y principios para evaluar la educación |
| 250 | |a 1a. ed | ||
| 300 | |a 179 p | ||
| 942 | |c BK | ||
| 945 | |d 20120302 00:00:00 |a dcastane | ||
| 260 | |a Ciudad de México |b Paidós |c 2001 | ||
| 650 | 0 | |a Evaluación de la educación |9 237505 | |
| 650 | 0 | |a Investigación educacional |9 261192 | |
| 650 | 0 | |a Métodos de investigación |9 262618 | |
| 583 | |a last modification |c 20120302 10:37:00 |k Rodrigo Vera | ||
| 490 | 0 | |a Paidós Educador, 162 | |
| 999 | |c 346812 |d 346810 | ||
| 952 | |0 0 |1 0 |4 0 |6 371_260000000000000_CAR_2001 |7 0 |8 A |9 447639 |a BIBEDU |b BIBEDU |d 2019-11-22 |i 4839447 |o 371.26 CAR 2001 |p 4839447 |r 2019-11-22 |w 2019-11-22 |y BK |k EPE | ||